[Event "Berlin op 08"]
[Site "Berlin"]
[Date "2006.08.23"]
[Round "5"]
[White "Rademacher, Tim"]
[Black "Kornath, Heinrich"]
[Result "1-0"]
[WhiteElo "1346"]
[BlackElo "1790"]
[PlyCount "87"]
[EventDate "2006.08.19"]
[EventType "swiss"]
[EventRounds "9"]
[EventCountry "GER"]
[SourceTitle "EXT 2007"]
[Source "ChessBase"]
[SourceDate "2006.11.23"]
[SourceVersion "1"]
[SourceVersionDate "2006.11.23"]
[SourceQuality "1"]

1. e4 d5 2. exd5 Nf6 3. Nf3 Nxd5 4. d4 Bg4 5. Be2 g6 6. 0-0 Bg7 7. Bg5 h6 8. Be3 0-0 9. h3 Bxf3 10. Bxf3 Nc6 11. c3 e6 12. Nd2 Qd7 13. Qc1 Kh7 14. Ne4 Rab8 15. Bf4 b6 16. Bh2 Rbd8 17. Qc2 f5 18. Ng3 e5 19. dxe5 Nxe5 20. Bxd5 Qxd5 21. Rad1 Qf7 22. Rfe1 c5 23. Nh5 Rxd1 24. Qxd1 Nd7 25. Nxg7 Qxg7 26. Bd6 Rf7 27. Qa4 Qf6 28. Bf4 g5 29. Bc1 Ne5 30. Re3 c4 31. b3 f4 32. Re4 Nd3 33. Qa3 cxb3 34. Bb2 bxa2 35. Qxa2 Nc5 36. c4 Qf5 37. Re5 Qc2 38. Qa1 Nd3 39. Rb5 Qxf2+ 40. Kh1 Ne1 41. Qb1+ Kg8 42. Qg6+ Kf8 43. Ba3+ Ke8 44. Qg8+ 1-0

[Event "Berlin op 05"]
[Site "Berlin"]
[Date "2006.05.27"]
[Round "6"]
[White "Jaskulski, Klaus"]
[Black "Rademacher, Tim"]
[Result "1-0"]
[WhiteElo "1629"]
[BlackElo "1251"]
[PlyCount "63"]
[EventDate "2006.05.24"]
[EventType "swiss"]
[EventRounds "7"]
[EventCountry "GER"]
[SourceTitle "EXT 2007"]
[Source "ChessBase"]
[SourceDate "2006.11.23"]
[SourceVersion "1"]
[SourceVersionDate "2006.11.23"]
[SourceQuality "1"]

1. Nf3 d5 2. b3 Nf6 3. Bb2 Nc6 4. e3 Bg4 5. h3 Bh5 6. Bb5 e6 7. g4 Nxg4 8. hxg4 Bxg4 9. Bxc6+ bxc6 10. Rg1 h5 11. d3 Bb4+ 12. c3 Bd6 13. Nbd2 f5 14. Qc2 h4 15. c4 Rh7 16. c5 Be7 17. Ne5 h3 18. Nxg4 fxg4 19. 0-0-0 h2 20. Rh1 Kd7 21. Be5 Qh8 22. Nf1 Bf6 23. Bxf6 gxf6 24. f4 f5 25. d4 g3 26. Nxg3 Rg8 27. Nf1 Rg6 28. Rxh2 Rg1 29. Rxh7+ Qxh7 30. Nh2 Qg6 31. Nf3 Rg2 32. Ne5+ 1-0

[Event "Berlin op 05"]
[Site "Berlin"]
[Date "2006.05.26"]
[Round "4"]
[White "Kohl, Ingo"]
[Black "Rademacher, Tim"]
[Result "0-1"]
[WhiteElo "1624"]
[BlackElo "1251"]
[PlyCount "119"]
[EventDate "2006.05.24"]
[EventType "swiss"]
[EventRounds "7"]
[EventCountry "GER"]
[SourceTitle "EXT 2007"]
[Source "ChessBase"]
[SourceDate "2006.11.23"]
[SourceVersion "1"]
[SourceVersionDate "2006.11.23"]
[SourceQuality "1"]

1. Nf3 d5 2. g3 Nf6 3. Bg2 Nc6 4. d3 e5 5. 0-0 Bg4 6. c4 e4 7. Ng5 exd3 8. Qxd3 Nb4 9. Qb3 Be7 10. Re1 0-0 11. a3 dxc4 12. Qxc4 Nc6 13. Bxc6 bxc6 14. Qxc6 Bxe2 15. Qc2 Bh5 16. Bf4 Rc8 17. Nc3 Bg6 18. Qa4 Rb8 19. Rad1 Qe8 20. Qxa7 Rxb2 21. Qxc7 Qa8 22. Rxe7 Rc2 23. Rc1 Nd5 24. Nxd5 Rxc7 25. Nxc7 Qxa3 26. Rce1 h6 27. Nh3 Bf5 28. Kg2 Qc3 29. Ng1 g5 30. Bc1 Qc6+ 31. f3 g4 32. Bf4 gxf3+ 33. Nxf3 Bg4 34. R7e3 Rb8 35. Re8+ Rxe8 36. Rxe8+ Kh7 37. Re3 Qc2+ 38. Kg1 Qd1+ 39. Ne1 Kg6 40. Ne8 f6 41. Nd6 Kg7 42. Ne4 Qd4 43. h4 Bd7 44. Nf2 Bb5 45. Re4 Qd5 46. Re7+ Kf8 47. Rc7 Bc6 48. Bxh6+ Ke8 49. Bf4 Bb5 50. Nc2 Qa2 51. h5 Qb1+ 52. Kh2 Qf1 53. Be3 Qe2 54. h6 Qh5+ 55. Kg1 Bd7 56. Nd4 Qe5 57. Bf4 Qxd4 58. Ra7 Qxa7 59. h7 Qa1+ 60. Kh2 0-1